Философия: учебное пособие; в 2 ч.

Bibliographic Details
Other Authors: Кириллов В. И. (редактор), Макаров Н. Ф., Попов С. И., Фокина Н. И.
Language:Russian
Published: Москва, Юристъ, 2000
Edition:2-е изд., перераб. и доп.
Series:Студенту
Institutiones
Format: Book
KOHA link:https://koha.lib.tpu.ru/cgi-bin/koha/opac-detail.pl?biblionumber=249957

MARC

LEADER 00000nam1a2200000 4500
001 249957
005 20231031213018.0
035 |a (RuTPU)RU\TPU\book\272095 
090 |a 249957 
100 |a 20140210d2000 m y0rusy50 ca 
101 0 |a rus 
102 |a RU 
200 1 |a Философия  |e учебное пособие  |e в 2 ч.  |f В. И. Кириллов [и др.]  |g под ред. В. И. Кириллова 
205 |a 2-е изд., перераб. и доп. 
210 |a Москва  |c Юристъ  |d 2000 
225 1 |a Студенту 
225 1 |a Institutiones 
701 1 |a Кириллов  |b В. И. 
701 1 |a Макаров  |b Н. Ф. 
701 1 |a Попов  |b С. И. 
701 1 |a Фокина  |b Н. И. 
702 1 |a Кириллов  |b В. И.  |4 340 
801 1 |a RU  |b 63413507  |c 20140210 
942 |c BK